Classement militaire des pays européens - Statistiques

Statistiques générales
  • Ce quiz a été pris 44 fois
  • Le résultat moyen est 14 sur 15
Statistiques - réponses
Classement Pays % Correct
6 Allemagne
100%
2 France
100%
9 Pologne
100%
5 Italie
98%
1 Russie
98%
7 Espagne
95%
3 Royaume-Unis
93%
14 Norvège
91%
10 Suède
91%
11 Grèce
88%
13 Portugal
88%
8 Ukraine
88%
12 Pays-Bas
86%
15 Danemark
72%
4 Turquie
72%
Aucun quiz correspondant
Distribution des résultats
% des personnes avec chaque résultat
Percentile par nombre de réponses
Votre historique - résultats
Vous n’avez pas pris ce quiz